| 000 | 01692nam0a2200349 i 4500 | ||
|---|---|---|---|
| 001 | RU\NLR\bibl\1958006 | ||
| 005 | 20260406122242.0 | ||
| 010 |
_a9785913042804 _91000 |
||
| 021 |
_aRU _b2012-73850 _95466 |
||
| 035 | _a(NLR Aleph) 001947062 | ||
| 090 |
_a3643995 _c3643995 |
||
| 100 | _a20121019d2012 u y0rusy50 ca | ||
| 101 | 1 |
_arus _achu _cgrc |
|
| 102 | _aRU | ||
| 105 | _aa ||||||||| | ||
| 200 | 1 |
_aИоанн Златоуст - вселенский учитель _eжитие. Учение. Каноны _e[сборник _fпер. с греч.: М. Никулин и др. _gред.-сост.: Людмила Сурова] |
|
| 210 |
_aс. Козино _aКрасногорск Московской епархии _cКнижный дом "Университет" _d2012 |
||
| 215 |
_a318, [1] с. _cцв. портр. _d19 |
||
| 300 | _aЧасть текста на церковнослав. яз. | ||
| 320 | _aБиблиогр. в подстроч. примеч. | ||
| 600 | 0 |
_aИоанн Златоуст _cархиепископ Константинопольский _fок. 347 - 407 _92233408 _3RU\NLR\auth\661340454 |
|
| 686 | _aЭ371-574.8 | ||
| 702 | 1 |
_aСурова _bЛ. В. _gЛюдмила Васильевна _4220 |
|
| 702 | 1 |
_aНикулин _bМ. В. _f1967- _gМаксим Владленович _4730 |
|
| 702 | 0 |
_4570 _7ca _8rus _aИоанн Златоуст _cархиепископ Константинопольский _fок.347-407 _9110743 _3RU\NLR\AUTH\77702 |
|
| 801 | 0 |
_aRU _bNLR _c20121019 _gRCR |
|
| 801 | 1 |
_aRU _bNLR _c20121019 |
|
| 830 | _aсост. и пер. по ЭК | ||
| 942 | _cBOOK | ||
| 980 | _aNBR | ||